| 000 | 00756nam a2200205Ia 4500 | ||
|---|---|---|---|
| 003 | SISC | ||
| 005 | 20190710092652.0 | ||
| 008 | 190710s9999 xx 000 0 und d | ||
| 020 | _a9781508175346 | ||
| 050 |
_aLB 1029.P67 _b.M33 2018 |
||
| 100 | _aMcCormick, Anita Louise | ||
| 245 |
_cAnita Louise McCormick _aHow to create digital portfolios to showcase your achievements and interests/ |
||
| 260 |
_aNew York: _bRosen Publishing, Inc. _c2018 |
||
| 300 |
_a64 p. ; _bcol. ill. : _c230 cm. |
||
| 440 | _aProject Learning Using Digital Portfolios | ||
| 500 | _aIncludes bibliographical references and index | ||
| 650 | _aDigital media -- juvenile literature | ||
| 650 | _aElectronic portfolios in education -- juvenile literature | ||
| 942 |
_2lcc _cBK |
||
| 999 |
_c361946 _d361946 |
||